Vincitori FIFA Futsal World Cup - Statistics

Statistiche generali
  • Questo quiz è stato fatto 22 volte
    10 dall'ultimo reset
  • Il punteggio medio è 9 su 10
Statistiche sulle risposte
Edizione Nazionale vincitrice % Corretto
1989 Brasile
100%
1992 Brasile
100%
1996 Brasile
100%
2008 Brasile
100%
2012 Brasile
100%
2024 Brasile
100%
2016 Argentina
78%
2021 Portogallo
67%
2000 Spagna
56%
2004 Spagna
56%
Nessun quiz corrispondente trovato
Distribuzione punteggi
Percentuale di utenti per punteggio
Percentile per numero di risposta
I tuoi punteggi nel tempo
Non hai fatto questo quiz dall'ultimo reset